000 00492nam a22001697a 4500
999 _c62260
_d62260
005 20240906161934.0
008 240906c2008 enk||||| |||| 00| 0 eng d
022 _a0017 8322
041 _aeng
245 _aHastings Law Journal :
_b2008 /
_cEditor N. Luczkowiak.
260 _aCalifornia,
_c2008.
300 _av.
653 _a სამართალი
653 _a პერიოდიკა
700 _aLuczkowiak, N.
_eრედაქტორი
_923175
942 _2udc
_cCR